Network security:a beginner's guide (Record no. 576301)

000 -LEADER
fixed length control field 00617nam a22001937a 4500
003 - CONTROL NUMBER IDENTIFIER
control field CEME
005 - DATE AND TIME OF LATEST TRANSACTION
control field 20210628204124.0
008 - FIXED-LENGTH DATA ELEMENTS--GENERAL INFORMATION
fixed length control field 210115b xxu||||| |||| 00| 0 eng d
020 ## - INTERNATIONAL STANDARD BOOK NUMBER
International Standard Book Number 9781259029493
040 ## - CATALOGING SOURCE
Transcribing agency .
082 ## - DEWEY DECIMAL CLASSIFICATION NUMBER
Classification number 005.8 MAI
100 ## - MAIN ENTRY--PERSONAL NAME
Personal name Maiwald, Eric
9 (RLIN) 68843
245 ## - TITLE STATEMENT
Title Network security:a beginner's guide
250 ## - EDITION STATEMENT
Edition statement 3RD
260 ## - PUBLICATION, DISTRIBUTION, ETC.
Place of publication, distribution, etc. INDIA
Name of publisher, distributor, etc. TATA MCGRAW HILL
Date of publication, distribution, etc. 2013
300 ## - PHYSICAL DESCRIPTION
Extent XXII, 311P
650 ## - SUBJECT ADDED ENTRY--TOPICAL TERM
Topical term or geographic name entry element NETWORK SECURITY:A BEGINNER'S GUIDE. NETWORK SECURITY:INFORMATION SECURITY BASICS.HACKER TECHNIQUES.INFORMATION SECURITY SERVICES.NETWORK SECURITY TECHNOLOGY
9 (RLIN) 68844
942 ## - ADDED ENTRY ELEMENTS (KOHA)
Koha item type Book
Source of classification or shelving scheme
Holdings
Withdrawn status Lost status Damaged status Not for loan Permanent Location Current Location Shelving location Date acquired Total Checkouts Full call number Barcode Date last seen Price effective from Koha item type
        College of Electrical & Mechanical Engineering (CEME) College of Electrical & Mechanical Engineering (CEME) General Stacks 02/17/2017   005.8 MAI CEME-47901 06/28/2021 06/28/2021 Book
© 2023 Central Library, National University of Sciences and Technology. All Rights Reserved.